| 000 | 00568nam a22002171a 4500 | ||
|---|---|---|---|
| 001 | 1310 | ||
| 003 | OSt | ||
| 005 | 20260204211729.0 | ||
| 008 | 040119s1998||||xx ||||||b||||||||||spa|| | ||
| 020 | _a9688809497 | ||
| 050 | _a658.3 M714a | ||
| 082 | _a658.3 M714a | ||
| 100 | _aMondy, R. Wayne | ||
| 245 | _aAdministración de recursos humanos / R. Wayne Mondy | ||
| 250 | _a6 | ||
| 264 | _aSin lugar, desconocido o indeterminado : Hispanoamericana | ||
| 300 | _a663 p | ||
| 650 | _a1.Administración de Personal | ||
| 700 | _aNoe Robert M.Ì | ||
| 942 |
_2ddc _cBK |
||
| 999 |
_c1310 _d1310 |
||